Introducción al estudio de Grecia : historia, antigüedades y literatura /
Estudio breve que presenta una visión general de la historia de Grecia, que abarca hasta el siglo II a.C., donde el autor da cuenta de la vida cotidiana, prácticas culturales, política, economía, derecho, religión y literatura de los griegos.
Zapisane w:
| 1. autor: | |
|---|---|
| Kolejni autorzy: | |
| Format: | Książka |
| Język: | hiszpański |
| Wydane: |
México :
Fondo de Cultura Económica,
1988, c1946
|
| Seria: | (Breviarios ;
121) |
| Hasła przedmiotowe: | |
| Etykiety: |
Nie ma etykietki, Dołącz pierwszą etykiete!
|
MARC
| LEADER | 00000nam^a2200000^a^4500 | ||
|---|---|---|---|
| 001 | 000000342 | ||
| 005 | 20250619000000.0 | ||
| 009 | 20260310083024.036 | ||
| 020 | |a 968-16-0179-3 | ||
| 025 | |a Donación sin dato, 1 ejemplar | ||
| 037 | |a Acervo ITESO - Biblioteca | ||
| 041 | |a ESP | ||
| 082 | |a 082. |b BRE V. 121 | ||
| 100 | |a Petrie, A. |e (autor) | ||
| 245 | 1 | 0 | |a Introducción al estudio de Grecia : |b historia, antigüedades y literatura / |c A. Petrie ; tr. por A. Reyes. |
| 264 | 4 | |a México : |b Fondo de Cultura Económica, |c 1988, c1946 | |
| 300 | |a 180 p. | ||
| 336 | |a texto |b txt |2 rdacontenido | ||
| 337 | |a sin mediación |b n |2 rdamedio | ||
| 338 | |a volumen |b nc |2 rdasoporte | ||
| 440 | 1 | |a (Breviarios ; |v 121) | |
| 500 | |a Traducción de: An Introduction to Greek History Antiquities and Literature | ||
| 520 | |a Estudio breve que presenta una visión general de la historia de Grecia, que abarca hasta el siglo II a.C., donde el autor da cuenta de la vida cotidiana, prácticas culturales, política, economía, derecho, religión y literatura de los griegos. | ||
| 649 | |a XX | ||
| 650 | |a Vida Privada - |z Grecia - |x Historia Antigua | ||
| 650 | |a Vida Cotidiana - |z Grecia - |x Historia Antigua | ||
| 650 | |a Prácticas Culturales - |z Grecia - |x Historia Antigua | ||
| 650 | |a Cultura - |z Grecia - |x Historia Antigua | ||
| 650 | |a Economía - |z Grecia - |x Historia Antigua | ||
| 650 | |a Derecho - |z Grecia - |x Historia Antigua | ||
| 650 | |a Política - |z Grecia - |x Historia Antigua | ||
| 650 | |a Religión - |z Grecia - |x Historia Antigua | ||
| 650 | |a Literatura Griega - |x Historia y Crítica | ||
| 650 | |a Literatura Clásica - |x Historia y Crítica | ||
| 650 | |a Grecia - |x Historia Antigua - |x Tema Principal | ||
| 700 | |a Reyes, Alfonso |e (traducción) | ||
| 910 | |a Fondo General | ||
| 920 | |a Impresos - Libros | ||
| 930 | |a Colección General | ||
| 905 | |a 101 | ||
| 901 | |a 0003420100 |b IT1 |c ACC |i 000342 |u 20250521 | ||
| 901 | |a 0500150222 |b IT1 |c ACC |d DT |i D |u 20250619 | ||
| 902 | |a https://opac.biblio.iteso.mx/vufind/Record/000000342 | ||